| 000 | 00756cab a2200229 4500 | ||
|---|---|---|---|
| 001 | WB3235-04 | ||
| 008 | 090401t1996 xxu||||| |||| 00| 0 eng d | ||
| 035 | _a(Sirsi) u1311 | ||
| 041 | _aeng | ||
| 245 | _aSafety raids on demolition sites | ||
| 260 | _c1996 | ||
| 350 | _a0 | ||
| 490 |
_aConstruction News _v(6483) 19 September 1996, 44(1) |
||
| 520 | _aHealth and Safety Executive inspectors have launched a campaign of lightning raids on demolition sites to improve safety conditions. | ||
| 650 | _aCONSTRUCTION (DESIGN AND MANAGEMENT) REGULATIONS 1994 | ||
| 650 | _aCONSTRUCTION SITES | ||
| 650 | _aDEMOLITION SITES | ||
| 650 |
_aHEALTH AND SAFETY _96244 |
||
| 690 | _aBUILT ENVIRONMENT-BUILDING STANDARDS | ||
| 942 | _n0 | ||
| 948 | _c04/03/1997 | ||
| 999 |
_c717 _d717 |
||